000 00428nam a2200169Ia 4500
005 20250923144546.0
008 008 250917s9999 xx 000 0 eng d
037 _aReports
040 _aDSWL
_beng
_cDSWL
041 _aeng
_2eng
084 _qDSWL
245 0 _aSecond five year plan summary 1956
_cby Planning Commission
260 _aDelhi
_c1956
300 _aix,188 p.
942 _cREP
999 _c1440471
_d1440471